Distribution of Financial Services at Distance Performed by Independent Financial Agents

Príspevok sa zameriava na to, ako sú finančné služby distribuované na diaľku prostredníctvom elektronickej komunikácie nezávislými finančnými agentmi.

Saved in:
Bibliographic Details
Main Author: Slezáková, Andrea, 1980-
Other Authors: Jedinák, Peter
Format: Book Chapter
Language:English
Subjects:
Tags: Add Tag
No Tags, Be the first to tag this record!

MARC

LEADER 00000naa$a2200000$$$4500
001 0280845
005 20240502083858.7
041 0 |a eng 
044 |a CZ 
245 1 0 |a Distribution of Financial Services at Distance Performed by Independent Financial Agents  |c Andrea Slezáková, Peter Jedinák 
520 |a Príspevok sa zameriava na to, ako sú finančné služby distribuované na diaľku prostredníctvom elektronickej komunikácie nezávislými finančnými agentmi. 
610 2 0 |a služby finančné 
610 2 0 |a sprostredkovatelia finanční 
610 2 0 |a poradcovia finanční 
610 2 0 |a komunikácia elektronická 
610 2 0 |a koronavírus 
100 1 |a Slezáková, Andrea, 1980- 
700 1 |a Jedinák, Peter